00801nam a22002177a 4500003000500000005001700005008004100022010001100063011001100074035001100085040000900096100002700105245020600132260003600338300002200374502008000396650002200476650002400498650003200522650002900554CHAP20220329143821.0110929s2009 mx r 00010 spa d a102263 a103235 a113924 cCHAP1 aBueno Hurtado, Palmira10aEfectividad de los biofertilizantes (Glomus intraradices Schenck & Smith y Azospirillum brasilense Tarran et al.) en comparación con la fertilización química en maízc/por Palmira Bueno Hurtado aCocula, Gro. :bEl autor,c2009 ax, 69 h. :bilus. aTesis (Ing. Agr. Fitotecnista) -- CSAEGRO. Centro de Estudios Profesionales14aBiofertilizantes.14aCultivosxGuerrero.14aFertilización (Química)14aMaízxFertilización.